KOHA-Header-6

Business Administrative Communication (Record no. 7625)

000 -LEADER
fixed length control field 00275nam a2200109Ia 4500
100 ## - MAIN ENTRY--AUTHOR NAME
Personal name kitty O.Locker
245 #0 - TITLE STATEMENT
Title Business Administrative Communication
260 ## - PUBLICATION, DISTRIBUTION, ETC. (IMPRINT)
Place of publication london
Name of publisher McGraw Hill
Year of publication 2008
300 ## - PHYSICAL DESCRIPTION
Number of Pages 701
942 ## - ADDED ENTRY ELEMENTS (KOHA)
Koha item type Books
Holdings
Withdrawn status Lost status Collection code Permanent Location Current Location Shelving location Date acquired Full call number Accession Number Koha item type
    Business MAJU MAJU   2019-09-12 651.7 1588 Business

Powered by Koha